Le liquide céphalo-rachidien (Record no. 64584)

MARC details
000 -LEADER
campo de control de longitud fija 00634nam a2200193 i 4500
001 - NÚMERO DE CONTROL
campo de control 64584
003 - IDENTIFICADOR DE NÚMERO DE CONTROL
campo de control ES-MaACL
005 - FECHA Y HORA DE LA ÚLTIMA TRANSACCIÓN
campo de control 20230906165150.0
007 - CAMPO FIJO DE DESCRIPCIÓN FÍSICA--INFORMACIÓN GENERAL
campo de control de longitud fija t|
008 - DATOS DE LONGITUD FIJA--INFORMACIÓN GENERAL
campo de control de longitud fija 031229s1921 fr ||||1| fre d
100 1# - ENTRADA PRINCIPAL--NOMBRE DE PERSONA
Nombre de persona Fontecilla, Oscar.
9 (RLIN) 51637
245 13 - MENCIÓN DEL TÍTULO
Título Le liquide céphalo-rachidien
Resto del título : etudes cliniques /
Mención de responsabilidad, etc. par Oscar Fontecilla, Marco A. Sepulveda R. ; preface du J. Babinski.
260 ## - PUBLICACIÓN, DISTRIBUCIÓN, ETC.
Lugar de publicación, distribución, etc. París :
Nombre del editor, distribuidor, etc. Maloine et Fils,
Fecha de publicación, distribución, etc. 1921 (
Fabricante Frazier Soye)
300 ## - DESCRIPCIÓN FÍSICA
Extensión 160 p., 2 lám. :
Otras características físicas il. ;
Dimensiones 23 cm.
700 1# - ENTRADA AGREGADA--NOMBRE PERSONAL
Nombre de persona Sepulveda R., Marco A.
9 (RLIN) 205174
700 1# - ENTRADA AGREGADA--NOMBRE PERSONAL
Nombre de persona Babinski, J.
9 (RLIN) 24421
852 ## - LOCALIZACIÓN
Ubicación ES-MaACL
Número de control de estantería E-653
Holdings
Estatus retirado Estado de pérdida Estado de daño No para préstamo Biblioteca de origen Biblioteca actual Ubicación en estantería Fecha de adquisición Fuente de adquisición Total de préstamos Signatura topográfica completa Código de barras Visto por última vez Precio de reemplazo Tipo de ítem Koha
        Biblioteca del Ateneo de Madrid Biblioteca del Ateneo de Madrid Depósito 2 17/01/2008     E-653 1067675 23/02/2023 23/02/2023 Libro impreso